Statistics for Past Croatias

Click here to take the quiz!

General Stats

  • This quiz has been taken 5 times
  • The average score is 5 of 14

Answer Stats

HintAnswer% Correct
1990-1991Republic of Croatia
100%
1991-PresentRepublic of Croatia
100%
925-1102Kingdom of Croatia
75%
1103-1527Kingdom of Croatia
75%
1527-1868Kingdom of Croatia
75%
~700-925Duchy of Croatia
50%
1941-1945Independent State of Croatia
25%
1918-1922Croatia and Slavonia
0%
1943-1945Federated State of Croatia
0%
1868-1918Kingdom of Croatia-Slavonia
0%
1946-1963People's Republic of Croatia
0%
1929-1941Sava Banovina
0%
1963-1990Socialist Republic of Croatia
0%
1922-1929Zagreb Oblast
0%

Score Distribution

Percentile by Number Answered

Percent of People with Each Score

Your Score History

You have not taken this quiz